<?xml version="1.0" encoding="UTF-8"?>
<marc:record xmlns:marc="http://www.loc.gov/MARC21/slim">
   <marc:leader>00000nam a2200000 a 4500</marc:leader>
   <marc:datafield ind1="1" ind2=" " tag="100">
      <marc:subfield code="a">Brunsmann, Jörg</marc:subfield>
      <marc:subfield code="4">aut</marc:subfield>
      <marc:subfield code="e">Verfasser/-in</marc:subfield>
   </marc:datafield>
   <marc:datafield ind1=" " ind2=" " tag="653">
      <marc:subfield code="a">Digitale Fotografie</marc:subfield>
   </marc:datafield>
   <marc:datafield ind1=" " ind2=" " tag="653">
      <marc:subfield code="a">Bildverarbeitung</marc:subfield>
   </marc:datafield>
   <marc:datafield ind1=" " ind2=" " tag="653">
      <marc:subfield code="a">Softcover / Ratgeber/Hobby</marc:subfield>
   </marc:datafield>
   <marc:datafield ind1=" " ind2=" " tag="653">
      <marc:subfield code="a">Haus/Fotografieren</marc:subfield>
   </marc:datafield>
   <marc:datafield ind1=" " ind2=" " tag="653">
      <marc:subfield code="a">Filme</marc:subfield>
   </marc:datafield>
   <marc:datafield ind1=" " ind2=" " tag="653">
      <marc:subfield code="a">Videofilmen</marc:subfield>
   </marc:datafield>
   <marc:datafield ind1=" " ind2=" " tag="653">
      <marc:subfield code="a">Anleitung</marc:subfield>
   </marc:datafield>
   <marc:datafield ind1="0" ind2="0" tag="245">
      <marc:subfield code="a">Digitalfotos perfekt verarbeiten</marc:subfield>
   </marc:datafield>
   <marc:datafield ind1="0" ind2="0" tag="245">
      <marc:subfield code="b">archivieren, bearbeiten, Fotobuch, ausdrucken, Fotokalender, entwickeln u.v.m.</marc:subfield>
   </marc:datafield>
   <marc:datafield ind1="0" ind2="0" tag="245">
      <marc:subfield code="c">Autor: Jörg Brunsmann</marc:subfield>
   </marc:datafield>
   <marc:datafield ind1=" " ind2="1" tag="264">
      <marc:subfield code="a">Köln</marc:subfield>
      <marc:subfield code="b">NGV</marc:subfield>
   </marc:datafield>
   <marc:datafield ind1="1" ind2=" " tag="520">
      <marc:subfield code="a">Angaben aus der Verlagsmeldung

Digitalfotos perfekt verarbeiten : Archivieren, bearbeiten, Fotobuch, ausdrucken, Fotokalender, entwickeln u.v.m. / von Jörg Brunsmann

Die Möglichkeiten entdecken. Dieser handliche Ratgeber führt umfassend und auf leicht verständliche Art und Weise in Be- und Verarbeitung von Digitalfotos ein. In anschaulichen Schritt-für-Schritt-Anleitungen werden die technischen Grundlagen und kreativen Möglichkeiten der Bildverarbeitung kompakt und kompetent vermittelt. Vom Speichern und Archivieren der Bilder auf dem heimischen PC über das Verschicken der Bilder per E-Mail bis hin zu einfachen und komplexen Nachbearbeitungen nicht so gelungener Aufnahmen wie dem Entfernen roter Augen, dem Korrigieren des Bildausschnitts oder der Retusche unliebsamer Objekte erfährt man hier alles über die perfekte Bildoptimierung. Man lernt darüber hinaus, wie man in wenigen Schritten ein Fotobuch oder einen ganz persönlichen Kalender erstellt, eigene Postkarten kreiert oder seine Lieblingsmotive auf Leinwand drucken lassen kann. Das unverzichtbare Handbuch für alle Einsteiger und Hobbyfotografen.
</marc:subfield>
   </marc:datafield>
   <marc:datafield ind1=" " ind2=" " tag="020">
      <marc:subfield code="a">9783625134473</marc:subfield>
      <marc:subfield code="9">9783625134473</marc:subfield>
   </marc:datafield>
   <marc:datafield ind1=" " ind2=" " tag="020">
      <marc:subfield code="a">3625134470</marc:subfield>
      <marc:subfield code="9">3625134470</marc:subfield>
   </marc:datafield>
   <marc:datafield ind1=" " ind2=" " tag="041">
      <marc:subfield code="a">ger</marc:subfield>
   </marc:datafield>
   <marc:datafield ind1=" " ind2=" " tag="300">
      <marc:subfield code="a">159 S.</marc:subfield>
   </marc:datafield>
</marc:record>
